[Event "Le Touquet op-B 20th"]
[Site "Le Touquet"]
[Date "2005.10.27"]
[Round "6"]
[White "De Casteja, Emmanuel"]
[Black "Bruneel, Marc"]
[Result "1-0"]
[WhiteElo "1810"]
[BlackElo "1590"]
[PlyCount "67"]
[EventDate "2005.10.22"]
[EventType "swiss"]
[EventRounds "9"]
[EventCountry "FRA"]
[SourceTitle "EXT 2006"]
[Source "ChessBase"]
[SourceDate "2005.11.24"]
[SourceVersion "1"]
[SourceVersionDate "2005.11.24"]
[SourceQuality "1"]

1. d4 Nf6 2. c4 c5 3. d5 e6 4. Nc3 d6 5. Nf3 Be7 6. e4 e5 7. Be2 0-0 8. h3 Na6 9. Be3 Nc7 10. Nd2 Nfe8 11. 0-0 Bg5 12. Bxg5 Qxg5 13. Nf3 Qg6 14. Kh1 f5 15. Nh4 Qh6 16. Nxf5 Bxf5 17. exf5 Rxf5 18. Bg4 Rf4 19. Qe2 Nf6 20. f3 Nh5 21. Bxh5 Qxh5 22. Ne4 Qh6 23. Kh2 Rh4 24. Qd2 Qxd2 25. Nxd2 Rd4 26. Rad1 Kf8 27. b3 Ke7 28. Rfe1 b5 29. Ne4 bxc4 30. Rxd4 cxd4 31. bxc4 Rb8 32. f4 Rb2 33. fxe5 dxe5 34. d6+ 1-0